| 000 | 00581nam a2200229Ia 4500 | ||
|---|---|---|---|
| 003 | OSt | ||
| 005 | 20220918204353.0 | ||
| 006 | a|||||r|||| 00| 0 | ||
| 007 | ta | ||
| 008 | 220917b |||||||| |||| 00| 0 eng d | ||
| 024 | _a112,370 | ||
| 037 | _cTextual | ||
| 040 |
_aARTS _cARTS _beng |
||
| 041 |
_2eng _aeng |
||
| 082 | _aV52:21wM83, K4 | ||
| 100 |
_aKirkpatrick Ivone _9111781 |
||
| 245 | 0 |
_aMussolini _b study of a demagoue |
|
| 260 | _c1964 | ||
| 650 | _aHISTORY | ||
| 942 |
_hV52:21wM83, K4 _cTEXL _2CC |
||
| 999 |
_c235719 _d235719 |
||